00441nam a2200157Ia 4500008004100000020001500041082001700056100002000073245003000093250000700123260003600130300002700166500001900193600002100212650005000233240925s9999 xx 000 0 und d a812650210X a005.7565 GRE aGreenwald, Rick 0aOracle 9i AS Portal Bible aNA aNew York:bHUNGRY Mindsc,2001. aix,580p.bNAfOriginal aIncludes Index aComputer Science aComputer science, information & general works